Drug regulation and innovation : Empirical evidence and policy options
Introduction and overview of issues in ethical drug regulation, studies of the effects of regulation on drug innovation, ...
محفوظ في:
| المؤلف الرئيسي: | |
|---|---|
| التنسيق: | كتاب |
| اللغة: | Undetermined |
| منشور في: |
Washington
American Enterprise Institute for Public Policy Research
1976
|
| الموضوعات: | |
| الوسوم: |
إضافة وسم
لا توجد وسوم, كن أول من يضع وسما على هذه التسجيلة!
|
| Thư viện lưu trữ: | Trung tâm Học liệu Trường Đại học Cần Thơ |
|---|
| LEADER | 00776nam a2200217Ia 4500 | ||
|---|---|---|---|
| 001 | CTU_220303 | ||
| 008 | 210402s9999 xx 000 0 und d | ||
| 020 | |c 7.50 | ||
| 082 | |a 338.47 | ||
| 082 | |b G727 | ||
| 100 | |a Grabowski, Henry G. | ||
| 245 | 0 | |a Drug regulation and innovation : | |
| 245 | 0 | |b Empirical evidence and policy options | |
| 245 | 0 | |c Henry G. Grabowski | |
| 260 | |a Washington | ||
| 260 | |b American Enterprise Institute for Public Policy Research | ||
| 260 | |c 1976 | ||
| 520 | |a Introduction and overview of issues in ethical drug regulation, studies of the effects of regulation on drug innovation, ... | ||
| 650 | |a Pharmaceutical industry,Ngành dược phẩm | ||
| 904 | |i Hải | ||
| 980 | |a Trung tâm Học liệu Trường Đại học Cần Thơ | ||